Ballon D'Or Top 10 - 1990's - Statistics

General Stats
  • This quiz has been taken 1,425 times
  • The average score is 26 of 66
Answer Stats
Player % Correct
Ronaldo Nazario
96%
Zinedine Zidane
93%
Rivaldo
88%
Andriy Shevchenko
87%
George Weah
84%
Hristo Stoichkov
81%
Marco Van Basten
78%
David Beckham
72%
Paolo Maldini
72%
Roberto Baggio
71%
Luis Figo
70%
Micheal Owen
69%
Davor Suker
68%
Lothar Matthaus
67%
Roy Keane
64%
Brian Laudrup
63%
Gabriel Batistuta
63%
Michael Laudrup
63%
Jari Litmanen
57%
Peter Schmeichel
54%
Alessandro Del Piero
53%
Raul
53%
Gheorghe Hagi
52%
Matthias Sammer
52%
Dennis Bergkamp
51%
Alan Shearer
50%
Jean-Pierre Papin
48%
Ryan Giggs
46%
Franco Baresi
44%
Jurgen Klinsmann
44%
Frank Rijkaard
41%
Roberto Carlos
40%
Marcel Desailly
39%
Patrick Kluivert
38%
Eric Cantona
36%
Gary Lineker
36%
Lilian Thuram
35%
Ronald Koeman
31%
Christian Vieri
27%
Edgar Davids
25%
Andreas Brehme
24%
Juan Sebastian Veron
24%
Marc Overmars
24%
Paul Gascoigne
21%
Predrag Mijatovic
19%
Salvatore Schillaci
17%
Thomas Brolin
17%
Youri Djorkaeff
16%
Dejan Savicevic
15%
Gianfranco Zola
15%
Gianluca Vialli
13%
Karel Poborsky
12%
Jurgen Kohler
11%
Mark Hughes
11%
Andreas Moller
10%
Darko Pancev
10%
Robert Prosinecki
10%
Stephane Chapuisat
10%
Enzo Scifo
8%
Thomas Haßler
8%
Thomas Ravelli
8%
Alen Boksic
7%
Chris Waddle
7%
Emil Kostadinov
4%
Guido Buchwald
4%
Miodrag Belodedici
3%
No matching quizzes found
Score Distribution
Percent of People with Each Score
Percentile by Number Answered
Your Score History
You have not taken this quiz